000 00472nam a2200181Ia 4500
001 20297
005 20260306172756.0
008 260306t2011||||xx |||||||||||||| ||spa||
041 _aESP
082 _a343.1
_bR91A
100 _aRubio Correa, Marcial Antonio
_eAUT
245 0 _aEl test de proporcionalidad en la jurisprudencia del Tribunal Constitucional peruano
260 _c2011
300 _a
_c
650 _aGEN
654 _aCDE
942 _cLIB
_dJUS
_fJUS
_2ddc
_n
999 _c20297
_d20297